Calculus for management, economics, and the life sciences / (Record no. 181000)
[ view plain ]
| 000 -LEADER | |
|---|---|
| fixed length control field | 00933 a2200193 4500 |
| 003 - CONTROL NUMBER IDENTIFIER | |
| control field | NUST |
| 005 - DATE AND TIME OF LATEST TRANSACTION | |
| control field | 20221117140320.0 |
| 010 ## - LIBRARY OF CONGRESS CONTROL NUMBER | |
| LC control number | 74016393 |
| 020 ## - INTERNATIONAL STANDARD BOOK NUMBER | |
| International Standard Book Number | 0871501708 |
| 040 ## - CATALOGING SOURCE | |
| Transcribing agency | Nust |
| 082 00 - DEWEY DECIMAL CLASSIFICATION NUMBER | |
| Classification number | 515,LOE |
| 100 1# - MAIN ENTRY--PERSONAL NAME | |
| Personal name | Loewen, Kenneth. |
| 9 (RLIN) | 102904 |
| 245 10 - TITLE STATEMENT | |
| Title | Calculus for management, economics, and the life sciences / |
| Statement of responsibility, etc. | Kenneth Loewen |
| 260 ## - PUBLICATION, DISTRIBUTION, ETC. | |
| Place of publication, distribution, etc. | Boston, |
| Name of publisher, distributor, etc. | Prindle, Weber & Schmidt |
| Date of publication, distribution, etc. | [1974, c1975] |
| 300 ## - PHYSICAL DESCRIPTION | |
| Extent | xii, 436p.: |
| Other physical details | illus. |
| Dimensions | 25 cm. |
| 505 ## - FORMATTED CONTENTS NOTE | |
| Formatted contents note | Introduction (Page-1), Functions and Graphs (Page-7), The Derivative (Page-65), Partial Derivatives (Page-117), Level Curves and Implicit Functions (Page-137), Exponentials and Logarithms (Page-153), Elementary Optimization Techniques (Page-181), Optimization with Constraints (Page-221), Integration (Page-233), More Integration (Page-289), Differential Equations (Page-309), Trigonometric Functions (Page-329). |
| 650 #0 - SUBJECT ADDED ENTRY--TOPICAL TERM | |
| Topical term or geographic name entry element | Calculus. |
| 942 ## - ADDED ENTRY ELEMENTS (KOHA) | |
| Source of classification or shelving scheme | |
| Koha item type | Book |
| Call number prefix | 515,LOE |
| Withdrawn status | Lost status | Source of classification or shelving scheme | Damaged status | Not for loan | Permanent Location | Current Location | Shelving location | Date acquired | Full call number | Barcode | Date last seen | Price effective from | Koha item type | Public note |
|---|---|---|---|---|---|---|---|---|---|---|---|---|---|---|
| Military College of Signals (MCS) | Military College of Signals (MCS) | General Stacks | 12/12/2016 | 515,LOE | MCS7199 | 12/08/2016 | 12/12/2016 | Book | Almirah No.82, Shelf No.4 | |||||
| Military College of Signals (MCS) | Military College of Signals (MCS) | General Stacks | 12/12/2016 | 515,LOE | MCS7200 | 12/08/2016 | 12/12/2016 | Book | Almirah No.13, Shelf No.1 |
